|
|
|
|
| LEADER |
01704nam a2200421 a 4500 |
| 001 |
nkc20091963413 |
| 003 |
CZ PrNK |
| 005 |
20090924102417.0 |
| 007 |
ta |
| 008 |
090727s2009 xr g p 000 0 cze |
| 015 |
|
|
|a cnb001963413
|
| 020 |
|
|
|a 978-80-86057-56-9
|q (váz.)
|
| 035 |
|
|
|a (OCoLC)436261250
|
| 040 |
|
|
|a ABA001
|b cze
|
| 041 |
0 |
|
|a cze
|a heb
|
| 072 |
|
7 |
|a 811.41
|x Afroasijské (hamitosemitské) jazyky
|2 Konspekt
|9 11
|
| 072 |
|
7 |
|a 37.016
|x Učební osnovy. Vyučovací předměty. Učebnice
|2 Konspekt
|9 22
|
| 080 |
|
|
|a 811.411.16
|2 MRF
|
| 080 |
|
|
|a (075)
|2 MRF
|
| 100 |
1 |
|
|a Feder, Richard,
|d 1875-1970
|7 jk01030807
|4 aut
|
| 245 |
1 |
0 |
|a Hasafah haivrit =
|b Učebnice hebrejštiny /
|c [napsal] Richard Feder ; [spolupracoval] Josef Goldschild
|
| 246 |
3 |
1 |
|a Učebnice hebrejštiny
|
| 250 |
|
|
|a 2. vyd.
|
| 260 |
|
|
|a Středokluky :
|b Zdeněk Susa,
|c 2009
|
| 300 |
|
|
|a 207 s. ;
|c 21 cm
|
| 500 |
|
|
|a "Toto 2. vydání je fotokopií 1. vydání, které bylo vydáno v Kolíně roku 1940 nákladem vlastním a které vytiskla knihtiskárna J.L. Bayer, a.a., v Kolíně"--Tiráž
|
| 500 |
|
|
|a Včetně faksimile tit. s. z r. 1940
|
| 650 |
0 |
7 |
|a hebrejština
|7 ph120658
|2 czenas
|
| 650 |
0 |
9 |
|a Hebrew language
|2 eczenas
|
| 655 |
|
7 |
|a učebnice
|7 fd133770
|2 czenas
|
| 655 |
|
9 |
|a textbooks
|2 eczenas
|
| 700 |
1 |
|
|a Goldschild, Josef
|7 pna2009525773
|4 ctb
|
| 856 |
4 |
1 |
|u http://www.digitalniknihovna.cz/mzk/uuid/uuid:d821bd30-f21d-11e3-a2c6-005056827e51
|y Digitalizovaný dokument
|x NDK
|
| 910 |
2 |
|
|a BOA001
|b 2-1227.843
|
| 990 |
|
|
|a BK
|
| 995 |
|
|
|a 01
|
| 991 |
|
|
|b 200908
|c NOV
|j 811.4/.9 FED
|
| 996 |
6 |
|
|b 2610385177
|c 2-1227.843
|l MZK
|r Sklad / do 1 hodiny
|n 4
|p p.v.
|w 001093097
|u 000010
|a 1
|e BOA001
|j MZK50
|s P
|